[Event "Ch Wales"]
[Site "masterchessopen.com Cardiff (Wales)"]
[Round "5"]
[White "Cummings David H (CAN)"]
[Black "Martin David (WLS)"]
[Result "1-0"]
[WhiteElo "2360"]
[BlackElo "2150"]

1.d4 Nf6 2.c4 e6 3.Nf3 Bb4+ 4.Bd2 Qe7 5.Nc3 b6 6.g3 Bxc3 7.Bxc3 Ne4 8.Qc2 Nxc3
9.Qxc3 O-O 10.Bg2 Bb7 11.O-O d6 12.d5 e5 13.e4 Nd7 14.Nd2 f5 15.f4 exf4
16.gxf4 fxe4 17.Nxe4 Qh4 18.Qg3 Qxg3 19.hxg3 b5 20.cxb5 Bxd5 21.Rfc1 Nc5
22.Nf6+ gxf6 23.Bxd5+ Kg7 24.Bxa8 {#r} 1-0

[Event "Bundesliga (2nd) North 1996/97"]
[Site "masterchessopen.com Germany"]
[Round "0"]
[White "Matthey Harald (GER)"]
[Black "Sievers Stefan (GER)"]
[Result "1-0"]
[WhiteElo "2325"]
[BlackElo "2380"]

1.d4 Nf6 2.Nf3 e6 3.c4 Bb4+ 4.Bd2 Qe7 5.Nc3 O-O 6.Qc2 a5 7.e4 d6 8.e5 Nfd7
9.Bd3 h6 10.h4 dxe5 11.dxe5 Nc6 12.a3 Bc5 13.Bf4 Bd4 14.Nxd4 Nxd4 15.Qd1 Nc5
16.Ne4 Rd8 17.Bg5 hxg5 18.hxg5 Nf5 19.Nf6+ Qxf6 20.gxf6 g6 21.Bxf5 {#r} 1-0

[Event "Bundesliga (2nd) South 1995/96"]
[Site "masterchessopen.com Germany"]
[Round "0"]
[White "Klebel Martin Dr (GER)"]
[Black "Stobik Dietrich (GER)"]
[Result "1-0"]
[WhiteElo "2410"]
[BlackElo "2255"]

1.d4 Nf6 2.Nf3 e6 3.c4 Bb4+ 4.Nbd2 Nc6 5.a3 Be7 6.b4 d5 7.e3 O-O 8.Bd3 Re8
9.Qc2 Bf8 10.b5 dxc4 11.Nxc4 Nb8 12.Nce5 Nbd7 13.Ng5 Nxe5 14.Bxh7+ Kh8 15.dxe5
Qe7 16.exf6 Qxf6 17.Bg8 Bb4+ 18.axb4 Kxg8 19.Qh7+ Kf8 20.Qh5 Qc3+ 21.Ke2 Qc4+
22.Kf3 e5 23.e4 {#r} 1-0

[Event "Mecklenburg Landesliga 1995/96"]
[Site "masterchessopen.com Germany"]
[Round "7"]
[White "Altenburg Reiner (GER)"]
[Black "Winkler Karl (GER)"]
[Result "1-0"]
[WhiteElo "1971"]
[BlackElo "2056"]

1.d4 Nf6 2.c4 e6 3.Nf3 Bb4+ 4.Bd2 Bxd2+ 5.Nbxd2 c5 6.e3 Nc6 7.Be2 cxd4 8.exd4
b6 9.O-O O-O 10.a3 Bb7 11.Re1 Rc8 12.Rc1 Ne7 13.b4 d6 14.Bd3 Ng6 15.Bb1 Nf4
16.Rc3 g6 17.Qc1 N4h5 18.h3 Ng7 19.Nf1 Qc7 20.N1h2 Nd5 21.Rc2 Ne7 22.Ng4 Bxf3
23.Nf6+ Kh8 24.Qh6 {#r} 1-0

[Event "Ch Slovenia"]
[Site "masterchessopen.com Grize (Slovenia)"]
[Round "0"]
[White "Mencinger Vojko (SLO)"]
[Black "Krumpacnik Domen (SLO)"]
[Result "1-0"]
[WhiteElo "2390"]
[BlackElo "2385"]

1.d4 Nf6 2.Nf3 e6 3.c4 Bb4+ 4.Bd2 Qe7 5.g3 O-O 6.Bg2 Bxd2+ 7.Qxd2 Ne4 8.Qc2
Qb4+ 9.Nbd2 Nxd2 10.Nxd2 Nc6 11.e3 Qe7 12.O-O e5 13.d5 Nb4 14.Qc3 c5 15.a3 Na6
16.f4 Re8 17.fxe5 Qxe5 18.Qxe5 Rxe5 19.d6 Re6 20.Bd5 Rxd6 21.Rxf7 Nc7 22.Raf1
h5 23.Rf8+ Kh7 24.Be4+ {#r} 1-0

[Event "It (open)"]
[Site "masterchessopen.com Groningen (Netherlands)"]
[Round "9"]
[White "Sukharisingh Ralf (GER)"]
[Black "Epishin Vladimir (GER)"]
[Result "0-1"]
[WhiteElo "2400"]
[BlackElo "2620"]

1.d4 Nf6 2.c4 e6 3.Nf3 Bb4+ 4.Bd2 a5 5.g3 d5 6.Qc2 c5 7.cxd5 cxd4 8.Nxd4 O-O
9.Bg2 Qb6 10.Nf3 exd5 11.O-O Nc6 12.Bg5 Be7 13.Nc3 Rd8 14.Rac1 Be6 15.Qb1 a4
16.h3 h6 17.Bxf6 Bxf6 18.e3 g6 19.Qc2 a3 20.b3 Bf5 21.Nxd5 Rxd5 22.e4 Nb4
23.Qc4 Rc8 {#R} 0-1

[Event "Ch Hungary (team) 1996/97"]
[Site "masterchessopen.com Hungary"]
[Round "5"]
[White "Arnold Ferenc (HUN)"]
[Black "Horvath Istvan (HUN)"]
[Result "0-1"]
[WhiteElo "2330"]
[BlackElo "2180"]

1.d4 Nf6 2.Nf3 e6 3.c4 Bb4+ 4.Bd2 c5 5.Bxb4 cxb4 6.Nbd2 O-O 7.e3 d6 8.Be2 Re8
9.a3 Na6 10.O-O e5 11.Qb3 e4 12.Ne1 Qa5 13.Qd1 Qg5 14.Kh1 Qh4 15.Nc2 b3
16.Nxb3 Nc7 17.Nd2 Ne6 18.Qe1 Qh6 19.f4 exf3 20.gxf3 Nh5 21.Qh4 g5 22.Qf2 Nef4
23.exf4 Rxe2 {#R} 0-1

[Event "It (open)"]
[Site "masterchessopen.com Kavala (Greece)"]
[Round "0"]
[White "Banikas Hristos (GRE)"]
[Black "Vlassis Georgios (GRE)"]
[Result "1-0"]
[WhiteElo "2445"]
[BlackElo "2099"]

1.c4 e6 2.d4 Nf6 3.Nf3 Bb4+ 4.Nbd2 c5 5.e3 d6 6.Be2 Nbd7 7.O-O Bxd2 8.Qxd2 Qc7
9.b3 O-O 10.Rd1 b6 11.dxc5 dxc5 12.Bb2 Bb7 13.Qd6 Qc6 14.Qg3 Kh8 15.Rd6 Qc8
16.Rad1 e5 17.Nxe5 Ne4 18.Nxf7+ Rxf7 19.Qxg7+ Rxg7 20.Rxd7 Qc6 21.Rd8+ Qe8
22.Rxe8+ Rxe8 23.Rd7 {#r} 1-0

[Event "It (open)"]
[Site "masterchessopen.com Las Vegas (USA)"]
[Round "0"]
[White "Maki James (USA)"]
[Black "Fritchle Gregg"]
[Result "1-0"]
[WhiteElo "2275"]
[BlackElo "2060"]

1.d4 Nf6 2.c4 e6 3.Nf3 Bb4+ 4.Bd2 Bxd2+ 5.Nbxd2 O-O 6.g3 d6 7.Bg2 Nc6 8.O-O e5
9.d5 Ne7 10.e4 Bg4 11.h3 Bxf3 12.Qxf3 Nd7 13.b4 f5 14.Qd3 f4 15.Rac1 a5 16.a3
axb4 17.axb4 b6 18.Nf3 Ng6 19.h4 Qf6 20.Bh3 Rfe8 21.Be6+ Kf8 22.Ng5 {#r} 1-0

[Event "It (open)"]
[Site "masterchessopen.com Le Touquet (France)"]
[Round "0"]
[White "Arbakov Valentin (RUS)"]
[Black "Gambee Kevin (FRA)"]
[Result "1-0"]
[WhiteElo "2510"]
[BlackElo "2147"]

1.c4 Nf6 2.d4 e6 3.Nf3 Bb4+ 4.Bd2 Qe7 5.g3 Nc6 6.a3 Bxd2+ 7.Qxd2 a5 8.Nc3 d6
9.Bg2 O-O 10.O-O e5 11.Nd5 Nxd5 12.cxd5 Nxd4 13.Nxd4 exd4 14.Rac1 Bf5 15.Rfe1
Rfc8 16.Qxd4 Ra6 17.Red1 Rb6 18.e4 Bd7 19.Rxc7 {#r} 1-0

[Event "It (open)"]
[Site "masterchessopen.com Metz (France)"]
[Round "0"]
[White "Bogdanov Valentin (UKR)"]
[Black "Petit Rene (FRA)"]
[Result "1-0"]
[WhiteElo "2445"]
[BlackElo "2038"]

1.d4 Nf6 2.Nf3 e6 3.c4 Bb4+ 4.Bd2 Qe7 5.g3 Nc6 6.Nc3 Bxc3 7.Bxc3 Ne4 8.Qc2 f5
9.Bg2 O-O 10.O-O b6 11.d5 Nd8 12.Nh4 exd5 13.cxd5 Nd6 14.Bb4 c5 15.dxc6 dxc6
16.Rad1 N8b7 17.Qxc6 {#r} 1-0

[Event "Memorial A.Alekhine (open)"]
[Site "masterchessopen.com Moscow (Russia)"]
[Round "8"]
[White "Driamin Dmitry (RUS)"]
[Black "Bujakevich Aleksandr (RUS)"]
[Result "1-0"]
[WhiteElo "2225"]
[BlackElo "2300"]

1.d4 Nf6 2.Nf3 e6 3.c4 Bb4+ 4.Nbd2 Nc6 5.g3 d5 6.Bg2 dxc4 7.O-O c3 8.Nc4 cxb2
9.Bxb2 O-O 10.Qc2 Na5 11.Nfe5 Nd5 12.e4 Ne7 13.Rad1 b6 14.Nd3 Nac6 15.d5 {#r}
1-0

[Event "It (open)"]
[Site "masterchessopen.com Nigran (Spain)"]
[Round "0"]
[White "Teijeiro Barros Alberto (ESP)"]
[Black "Dgebuadze Alexandre (BEL)"]
[Result "0-1"]
[WhiteElo "2123"]
[BlackElo "2425"]

1.d4 e6 2.c4 Nf6 3.Nf3 Bb4+ 4.Bd2 Qe7 5.a3 Bxd2+ 6.Qxd2 O-O 7.Nc3 d6 8.e4 e5
9.d5 a5 10.b3 Na6 11.g3 Nc5 12.Qc2 c6 13.Rb1 cxd5 14.cxd5 Bg4 15.Bg2 Rfc8
16.Qe2 Nxb3 17.Rxb3 a4 18.Nxa4 Rxa4 19.Re3 Rc1+ 20.Kd2 Rcc4 {#R} 0-1

[Event "Ch Yugoslavia (team) (1 liga)"]
[Site "masterchessopen.com Niksic (Yugoslavia)"]
[Round "11"]
[White "Laketic Gojko (SRB)"]
[Black "Trifunovic Miroljub (SRB)"]
[Result "1-0"]
[WhiteElo "2445"]
[BlackElo "2320"]

1.d4 Nf6 2.c4 e6 3.Nf3 Bb4+ 4.Nbd2 d5 5.Qa4+ Nc6 6.a3 Bxd2+ 7.Bxd2 Ne4 8.Bf4
O-O 9.e3 Bd7 10.Qc2 f5 11.cxd5 exd5 12.Qb3 Be8 13.Bd3 g5 14.Bxe4 fxe4 15.Nxg5
Qd7 16.Nxe4 Rxf4 17.exf4 Qe6 18.Qxd5 Qxd5 19.Nf6+ Kf8 20.Nxd5 Nxd4 21.Rd1 c5
22.f3 Bc6 23.Nc3 b5 24.Kf2 a5 {#r} 1-0

[Event "It (open)"]
[Site "masterchessopen.com Polanica Zdroj (Poland)"]
[Round "6"]
[White "Staniszewski Piotr (POL)"]
[Black "Ptacnikova Lenka (ISL)"]
[Result "1-0"]
[WhiteElo "2420"]
[BlackElo "2210"]

1.d4 Nf6 2.c4 e6 3.Nf3 Bb4+ 4.Bd2 Qe7 5.g3 Nc6 6.Nc3 O-O 7.d5 exd5 8.cxd5 Ne5
9.Nxe5 Qxe5 10.Bg2 Re8 11.a3 Bxc3 12.Bxc3 Qe7 13.d6 cxd6 14.O-O d5 15.Qd4 Qe6
16.Rfe1 Qb6 17.Qxb6 axb6 18.Bxf6 gxf6 19.Bxd5 d6 20.Rad1 {#r} 1-0

[Event "It (open)"]
[Site "masterchessopen.com Savonlinna (Finland)"]
[Round "2"]
[White "Savolainen Leo (RUS)"]
[Black "Jouhki Yrjo Markus (FIN)"]
[Result "0-1"]
[WhiteElo "2140"]
[BlackElo "2250"]

1.d4 Nf6 2.c4 e6 3.Nf3 Bb4+ 4.Bd2 Qe7 5.Nc3 O-O 6.e3 d6 7.Be2 b6 8.O-O Bb7
9.Qa4 Bxc3 10.Bxc3 Ne4 11.Qc2 Nd7 12.Nd2 f5 13.Bd3 Qh4 14.g3 Ng5 15.f3 Qh5
16.Qd1 Nf6 17.Qe2 Nh3+ 18.Kg2 Ng4 19.d5 Nf4+ {#R} 0-1

[Event "It (open)"]
[Site "masterchessopen.com Tampere (Finland)"]
[Round "2"]
[White "Tuominen Risto (FIN)"]
[Black "Nyysti Sampsa (FIN)"]
[Result "1-0"]
[WhiteElo "2283"]
[BlackElo "2332"]

1.d4 Nf6 2.c4 e6 3.Nf3 Bb4+ 4.Nbd2 b6 5.a3 Bxd2+ 6.Qxd2 Ne4 7.Qc2 Bb7 8.g3 f5
9.Bg2 Nf6 10.O-O d6 11.b4 O-O 12.Bb2 Qc8 13.Rfd1 Be4 14.Qb3 a5 15.Rac1 a4
16.Qe3 Qb7 17.Bh3 h6 18.Nd2 Qc8 19.d5 e5 20.f3 f4 21.Bxc8 fxe3 22.Be6+ {#r}
1-0

[Event "Cup Tel Aviv (active)"]
[Site "masterchessopen.com Tel Aviv (Israel)"]
[Round "1"]
[White "Alterman Vladimir I (ISR)"]
[Black "Kogan Artur (ISR)"]
[Result "0-1"]
[WhiteElo "2390"]
[BlackElo "2475"]

1.d4 Nf6 2.c4 e6 3.Nf3 Bb4+ 4.Bd2 a5 5.Nc3 d5 6.e3 O-O 7.Qc2 b6 8.Bd3 dxc4
9.Bxc4 Bb7 10.Bd3 c5 11.a3 Bxc3 12.Bxc3 Nbd7 13.Rd1 cxd4 14.Nxd4 e5 15.Ne2
Bxg2 16.Rg1 Bf3 17.Bf5 Qe7 18.Bxd7 Nxd7 19.Qf5 Bc6 20.Nf4 {#R} 0-1

[Event "It (open)"]
[Site "masterchessopen.com Travemunde (Germany)"]
[Round "0"]
[White "Jakobsen Ole (DEN)"]
[Black "Hartman Christer (SWE)"]
[Result "1-0"]
[WhiteElo "2400"]
[BlackElo "2370"]

1.d4 e6 2.c4 Nf6 3.Nf3 Bb4+ 4.Nbd2 O-O 5.a3 Bxd2+ 6.Bxd2 d5 7.Qc2 Nbd7 8.Bg5
c6 9.e3 Re8 10.cxd5 exd5 11.Bd3 h6 12.Bh4 Qb6 13.O-O Ne4 14.Nd2 c5 15.Nxe4
dxe4 16.Bxe4 cxd4 17.exd4 Qxd4 18.Rfe1 Nc5 19.Bh7+ Kf8 20.Bg3 Rxe1+ 21.Rxe1
Na6 22.Rd1 Qb6 23.Bd6+ Ke8 24.Bf5 {#r} 1-0

[Event "It (open)"]
[Site "masterchessopen.com Ubeda (Spain)"]
[Round "4"]
[White "Anastasian Ashot (ARM)"]
[Black "Izeta Txabarri Felix (ESP)"]
[Result "1-0"]
[WhiteElo "2550"]
[BlackElo "2525"]

1.d4 Nf6 2.c4 e6 3.Nf3 Bb4+ 4.Nbd2 b6 5.a3 Bxd2+ 6.Qxd2 Bb7 7.g3 c5 8.dxc5
bxc5 9.Bg2 O-O 10.O-O Nc6 11.Rd1 Qb6 12.Qc3 d5 13.cxd5 exd5 14.Bf4 Ne4 15.Qc2
Na5 16.Ne5 Rfc8 17.Bxe4 dxe4 18.Rd7 f6 19.Rad1 c4 20.Qc3 Qb5 21.Bh6 gxh6
22.Ng4 {#r} 1-0

[Event "It (open)"]
[Site "masterchessopen.com Senigallia (Italy)"]
[Date "1996.05.23"]
[Round "6"]
[White "Briffault Philippe (ITA)"]
[Black "Vujovic Milorad (SRB)"]
[Result "0-1"]
[WhiteElo "1969"]
[BlackElo "2310"]

1.d4 Nf6 2.c4 e6 3.Nf3 Bb4+ 4.Bd2 Qe7 5.Nc3 Bxc3 6.Bxc3 Ne4 7.Qc2 Nxc3 8.Qxc3
a5 9.e3 O-O 10.Rc1 Nc6 11.Bd3 d6 12.c5 e5 13.cxd6 cxd6 14.dxe5 dxe5 15.Be4 Nb4
16.Qc7 Qf6 17.O-O Nxa2 18.Rc5 a4 19.Rd1 Nb4 20.Rd6 Be6 21.Qb6 Ra6 22.Qc7 Rxd6
23.Rc1 Qd8 {#R} 0-1

[Event "Ch Greece (juniors) (under 16)"]
[Site "masterchessopen.com Athens (Greece)"]
[Round "9"]
[White "Halkias Alexandros (GRE)"]
[Black "Halkias Stelios (GRE)"]
[Result "0-1"]
[WhiteElo "2047"]
[BlackElo "2330"]

1.d4 Nf6 2.c4 e6 3.Nf3 Bb4+ 4.Nbd2 b6 5.a3 Bxd2+ 6.Bxd2 Bb7 7.Bg5 d6 8.e3 Nbd7
9.Bd3 h6 10.Bh4 g5 11.Bg3 h5 12.Nxg5 h4 13.Bf4 e5 14.dxe5 dxe5 15.Nxf7 Kxf7
16.Bg5 Nc5 17.Bc2 Qxd1+ 18.Rxd1 h3 19.Bxf6 Kxf6 20.e4 hxg2 {#R} 0-1

[Event "Ch Greece (juniors) (under 16)"]
[Site "masterchessopen.com Athens (Greece)"]
[Round "3"]
[White "Halkias Stelios (GRE)"]
[Black "Kordis Konstantinos (GRE)"]
[Result "1-0"]
[WhiteElo "2330"]
[BlackElo "2190"]

1.d4 Nf6 2.Nf3 e6 3.c4 Bb4+ 4.Nbd2 d5 5.Qa4+ Nc6 6.e3 O-O 7.Bd3 dxc4 8.Bxc4 e5
9.Nxe5 Bxd2+ 10.Bxd2 Nxe5 11.dxe5 Ng4 12.Bc3 Qh4 13.g3 Qh5 14.Be2 Qh3 15.Bf1
Qh5 16.Qf4 Re8 17.O-O-O Qf5 18.Rd2 g5 19.Qa4 Be6 20.Bd3 {#r} 1-0

[Event "Staatsliga B South 1997/98"]
[Site "masterchessopen.com Austria"]
[Round "4"]
[White "Singer Richard (AUT)"]
[Black "Pichler Peter (AUT)"]
[Result "1-0"]
[WhiteElo "2263"]
[BlackElo "2118"]

1.d4 Nf6 2.c4 e6 3.Nf3 Bb4+ 4.Bd2 Qe7 5.Qc2 b6 6.e4 Bb7 7.Bd3 Bxd2+ 8.Nbxd2 d6
9.e5 dxe5 10.dxe5 Nfd7 11.Be4 Nc5 12.Bxb7 Nxb7 13.O-O O-O 14.Ne4 c5 15.Rfe1
Nc6 16.Neg5 h6 {#r} 1-0

[Event "It (open) \"]
[Site "masterchessopen.com Baden (Switzerland)"]
[Round "0"]
[White "Eschmann Patrick (SUI)"]
[Black "Atukeren Erdal (SUI)"]
[Result "1-0"]
[WhiteElo "2118"]
[BlackElo "1834"]

1.d4 Nf6 2.c4 e6 3.Nf3 Bb4+ 4.Bd2 Qe7 5.Nc3 c5 6.e3 Bxc3 7.Bxc3 Ne4 8.Qc2 Nxc3
9.Qxc3 O-O 10.Be2 b6 11.O-O Bb7 12.Rac1 d6 13.Rfd1 Nd7 14.Nd2 Nf6 15.Qd3 d5
16.Bf3 dxc4 17.Qxc4 Bxf3 18.Nxf3 cxd4 19.Nxd4 Qe8 20.Nb5 Qe7 21.Rd2 Rfc8
22.Qxc8+ Rxc8 23.Rxc8+ Ne8 24.Rdd8 {#r} 1-0

[Event "It (open) \"]
[Site "masterchessopen.com Balatonbereny (Hungary)"]
[Round "1"]
[White "Belotelov Dmitriy (RUS)"]
[Black "Lepsenyi Lorant (HUN)"]
[Result "1-0"]
[WhiteElo "2260"]
[BlackElo "2055"]

1.d4 Nf6 2.c4 e6 3.Nf3 Bb4+ 4.Bd2 Qe7 5.g3 b6 6.Bg2 Bxd2+ 7.Nfxd2 c6 8.e4 d5
9.e5 Nfd7 10.O-O O-O 11.Nc3 Re8 12.cxd5 exd5 13.Nxd5 Qd8 14.Nb4 Bb7 15.Nc4
{#r} 1-0

[Event "It (open) (a)"]
[Site "masterchessopen.com Frydek-Mistek (Czech Republic)"]
[Round "1"]
[White "Chetverik Maxim (RUS)"]
[Black "Szymanski Andrzej (POL)"]
[Result "0-1"]
[WhiteElo "2315"]
[BlackElo "2214"]

1.d4 e6 2.c4 Nf6 3.Nf3 Bb4+ 4.Bd2 a5 5.g3 O-O 6.Bg2 d6 7.O-O Bxd2 8.Qxd2 Qe7
9.Nc3 Nbd7 10.Rac1 e5 11.Rfd1 exd4 12.Nxd4 Nc5 13.Qf4 Re8 14.h3 Bd7 15.g4 Qe5
16.Qxe5 Rxe5 17.f4 Ree8 18.g5 Nfe4 {#R} 0-1

[Event "It (open)"]
[Site "masterchessopen.com Hamburg (Germany)"]
[Round "4"]
[White "Aagaard Jacob (SCO)"]
[Black "Movsesian Sergei (SVK)"]
[Result "0-1"]
[WhiteElo "2435"]
[BlackElo "2555"]

1.d4 Nf6 2.c4 e6 3.Nf3 Bb4+ 4.Nbd2 b6 5.a3 Bxd2+ 6.Bxd2 Bb7 7.Bg5 d6 8.e3 h6
9.Bh4 Nbd7 10.Nd2 Qe7 11.f3 e5 12.Be2 e4 13.O-O g5 14.Bg3 exf3 15.Bxf3 Qxe3+
16.Kh1 O-O-O 17.c5 dxc5 18.Nc4 Qe6 19.Qa4 Ne4 20.d5 Qxd5 21.Rad1 Qe6 22.Rfe1
Ndf6 {#R} 0-1

[Event "It (open)"]
[Site "masterchessopen.com Hanko (Finland)"]
[Round "5"]
[White "Tuominen Risto (FIN)"]
[Black "Pietinen Pekka (FIN)"]
[Result "1-0"]
[WhiteElo "2283"]
[BlackElo "2005"]

1.d4 Nf6 2.c4 e6 3.Nf3 Bb4+ 4.Nbd2 d5 5.Qa4+ Nc6 6.a3 Be7 7.Ne5 Bd7 8.Nxd7
Qxd7 9.e3 Nb8 10.Qc2 c6 11.Bd3 Qd8 12.O-O Nbd7 13.b4 a6 14.Bb2 b5 15.c5 a5
16.a4 {#r} 1-0

[Event "Ch Hungary (team) 1997/98 (2 liga)"]
[Site "masterchessopen.com Hungary"]
[Round "0"]
[White "Juhasz Bela (HUN)"]
[Black "Banhazi Istvan (HUN)"]
[Result "1-0"]
[WhiteElo "2124"]
[BlackElo "2095"]

1.d4 Nf6 2.c4 e6 3.Nf3 Bb4+ 4.Nbd2 O-O 5.a3 Be7 6.e3 c5 7.Bd3 d6 8.O-O Nbd7
9.Qc2 h6 10.b4 b6 11.Bb2 Bb7 12.Rfd1 Rc8 13.dxc5 bxc5 14.b5 d5 15.a4 Qc7 16.a5
e5 17.cxd5 Nxd5 18.Bc4 N5f6 19.Nh4 e4 20.Nf1 Ne5 21.Bxe5 Qxe5 22.Ng6 Qc7 23.b6
{#r} 1-0

[Event "Ch Russia (juniors) (under 18) (g)"]
[Site "masterchessopen.com Kolontaevo (Russia)"]
[Round "5"]
[White "Zaporozhchenko Anna (RUS)"]
[Black "Shevchenko Olesia (RUS)"]
[Result "1-0"]
[WhiteElo "2125"]
[BlackElo "2016"]

1.d4 Nf6 2.c4 e6 3.Nf3 Bb4+ 4.Bd2 c5 5.a3 Bxd2+ 6.Qxd2 Ne4 7.Qc2 d5 8.dxc5 Nc6
9.e3 Qa5+ 10.Nbd2 Nxc5 11.cxd5 exd5 12.Rd1 Ne6 13.Bd3 d4 14.O-O dxe3 15.Nc4
exf2+ 16.Rxf2 Qh5 17.Nd6+ Kd7 18.Nh4 f6 19.Re2 g6 20.Bxg6 Qa5 21.Bxh7 Qb6+
22.Kh1 Ncd4 23.Rxd4 {#r} 1-0

[Event "It (open)"]
[Site "masterchessopen.com Linares (Spain)"]
[Round "2"]
[White "Burmakin Vladimir (RUS)"]
[Black "Dgebuadze Alexandre (BEL)"]
[Result "0-1"]
[WhiteElo "2550"]
[BlackElo "2465"]

1.d4 Nf6 2.c4 e6 3.Nf3 Bb4+ 4.Nbd2 b6 5.a3 Bxd2+ 6.Bxd2 Bb7 7.Bf4 d6 8.e3 Nbd7
9.Be2 Ne4 10.Bd3 Qe7 11.Qc2 f5 12.Bg3 e5 13.dxe5 dxe5 14.Bxe4 Bxe4 15.Qe2 g5
16.O-O-O O-O 17.Nd2 Bb7 18.e4 h5 19.f3 h4 20.Bf2 Qe6 21.Rhe1 Kh8 22.c5 Nf6
{#R} 0-1

[Event "It (open)"]
[Site "masterchessopen.com Linz (Austria)"]
[Round "8"]
[White "Dornauer Joachim (AUT)"]
[Black "Wiedermann Franz (AUT)"]
[Result "1-0"]
[WhiteElo "2138"]
[BlackElo "2094"]

1.d4 Nf6 2.c4 e6 3.Nf3 Bb4+ 4.Bd2 Qe7 5.g3 Nc6 6.Bg2 O-O 7.O-O Bxd2 8.Qxd2 d6
9.Nc3 e5 10.d5 Nb8 11.e4 a5 12.Ne1 Na6 13.Nd3 Nd7 14.f4 exf4 15.gxf4 f5 16.e5
dxe5 17.fxe5 Nxe5 18.Rae1 Nxc4 19.Qf4 Qd6 20.Qxc4 Qb6+ 21.Kh1 Bd7 22.Re7 Qd6
23.Rfe1 f4 24.Qd4 {#r} 1-0

[Event "Ch Moscow"]
[Site "masterchessopen.com Moscow (Russia)"]
[Round "4"]
[White "Kotelevsky Valery (RUS)"]
[Black "Starovoitov Oleg N (RUS)"]
[Result "1-0"]
[WhiteElo "2055"]
[BlackElo "2180"]

1.d4 Nf6 2.c4 e6 3.Nf3 Bb4+ 4.Bd2 Qe7 5.Qc2 d5 6.Ne5 O-O 7.a3 Bd6 8.Bg5 c6
9.Nd2 h6 10.Bh4 g5 11.Bg3 Ne8 12.h4 f6 13.hxg5 fxe5 14.dxe5 Bc7 15.Rxh6 Rf5
16.f4 Nd7 17.Nf3 Ng7 18.O-O-O Nc5 19.e3 Ne4 20.Bh4 Bb6 21.Nd4 Rf8 22.g6 Qe8
23.g4 {#r} 1-0

[Event "It \"]
[Site "masterchessopen.com Philadelphia (USA)"]
[Round "3"]
[White "Shliperman Igor (USA)"]
[Black "Yermolinsky Alex (USA)"]
[Result "0-1"]
[WhiteElo "2410"]
[BlackElo "2650"]

1.d4 Nf6 2.c4 e6 3.Nf3 Bb4+ 4.Nbd2 d6 5.a3 Bxd2+ 6.Qxd2 Nbd7 7.b4 a5 8.Bb2
axb4 9.axb4 Rxa1+ 10.Bxa1 b5 11.c5 Bb7 12.e3 Qa8 13.Qb2 Bxf3 14.gxf3 Qxf3
15.Rg1 O-O 16.Bxb5 Ra8 17.Bf1 Ne4 18.Rg2 Ndf6 19.cxd6 cxd6 20.b5 Nd5 21.b6 Nb4
{#R} 0-1

[Event "Ch Europe (team)"]
[Site "masterchessopen.com Pula (Croatia)"]
[Round "9"]
[White "Arduman Can (TUR)"]
[Black "Daly Colm (FID)"]
[Result "1-0"]
[WhiteElo "2395"]
[BlackElo "2310"]

1.d4 e6 2.c4 Nf6 3.Nf3 Bb4+ 4.Bd2 Be7 5.Nc3 d5 6.Qc2 O-O 7.e4 dxe4 8.Nxe4 Nc6
9.Bc3 Bd7 10.Nxf6+ Bxf6 11.Bd3 g6 12.O-O-O a5 13.a3 a4 14.h4 Na5 15.h5 Nb3+
16.Kb1 Kg7 17.Rh3 c5 18.hxg6 hxg6 19.dxc5 Nxc5 20.Rdh1 Rg8 21.Ne5 Be8 22.Ng4
{#r} 1-0

[Event "It (open) \"]
[Site "masterchessopen.com Spain"]
[Round "2"]
[White "Borges Mateos Juan (CUB)"]
[Black "Hidalgo Gaspar Ricardo (ESP)"]
[Result "1-0"]
[WhiteElo "2480"]
[BlackElo "2122"]

1.d4 Nf6 2.c4 e6 3.Nf3 Bb4+ 4.Bd2 Bxd2+ 5.Qxd2 O-O 6.Nc3 d6 7.g3 Nc6 8.Bg2 e5
9.d5 Ne7 10.O-O Nd7 11.e4 a5 12.Ne1 f5 13.Nd3 b6 14.Rae1 Nf6 15.f4 Nxe4
16.Nxe4 fxe4 17.Bxe4 exf4 18.Nxf4 Nf5 19.Ne6 {#r} 1-0

[Event "Cup Rilton"]
[Site "masterchessopen.com Stockholm (Sweden)"]
[Round "1"]
[White "Ehlvest Jaan (USA)"]
[Black "Safholm Sten (SWE)"]
[Result "1-0"]
[WhiteElo "2610"]
[BlackElo "2059"]

1.d4 Nf6 2.Nf3 e6 3.c4 Bb4+ 4.Bd2 Be7 5.Nc3 d5 6.Qc2 O-O 7.e4 dxe4 8.Nxe4 Nbd7
9.Neg5 c5 10.dxc5 h6 11.h4 Bxc5 12.Bc3 Qc7 13.O-O-O e5 14.Bd3 e4 15.Nxe4 Nxe4
16.Bxe4 Bxf2 17.Bd5 Qg3 18.Kb1 Bb6 19.Ng5 {#r} 1-0

[Event "Ch Switzerland (team) 1996/97"]
[Site "masterchessopen.com Switzerland"]
[Round "0"]
[White "Sutter Oliver (SUI)"]
[Black "Costa Jean-Luc (SUI)"]
[Result "0-1"]
[WhiteElo "2355"]
[BlackElo "2405"]

1.d4 Nf6 2.c4 e6 3.Nf3 Bb4+ 4.Bd2 Qe7 5.g3 O-O 6.Bg2 Bxd2+ 7.Qxd2 d5 8.O-O Rd8
9.Qc2 Nc6 10.Na3 b6 11.Rfd1 Bb7 12.Rac1 Nb4 13.Qb3 a5 14.Nb1 dxc4 15.Qxc4 c5
16.dxc5 Nfd5 17.Qf4 Nxa2 18.c6 Nxc1 19.Rxc1 Rac8 20.c7 Rd7 21.e4 {#R} 0-1

[Event "Ch Europe (juniors) (under 18) (g)"]
[Site "masterchessopen.com Tallinn (Estonia)"]
[Round "2"]
[White "Kaukal Terezia (HUN)"]
[Black "Iwaniuk Dorota (POL)"]
[Result "0-1"]
[WhiteElo "2015"]
[BlackElo "2190"]

1.d4 Nf6 2.c4 e6 3.Nf3 Bb4+ 4.Bd2 Qe7 5.Qc2 Bxd2+ 6.Nbxd2 d6 7.g3 O-O 8.Bg2 e5
9.O-O a5 10.Rac1 Nc6 11.dxe5 dxe5 12.Ne4 Nxe4 13.Qxe4 f5 14.Qc2 e4 15.Nd2 Nd4
16.Qd1 Rd8 17.e3 Nc6 18.a3 Be6 19.Qc2 Ne5 20.Rfd1 Bf7 21.Bf1 Bh5 22.Re1 Rxd2
{#R} 0-1

[Event "Cup Yugoslavia (team) (w)"]
[Site "masterchessopen.com Ulcinj (Yugoslavia)"]
[Round "4"]
[White "Miloradovic Jelena (SRB)"]
[Black "Khurtsidze Nino (GEO)"]
[Result "0-1"]
[WhiteElo "2105"]
[BlackElo "2415"]

1.c4 e6 2.Nf3 Nf6 3.d4 Bb4+ 4.Nbd2 d5 5.Qa4+ Nc6 6.Ne5 Bd7 7.Nxc6 Bxd2+ 8.Bxd2
Bxc6 9.Qc2 dxc4 10.Qxc4 Ne4 11.Bc3 Qf6 12.f3 Qh4+ 13.g3 Nxg3 14.hxg3 Qxh1
15.O-O-O O-O-O 16.b4 a6 17.Qb3 Qh5 18.Kb2 Qg5 19.a4 Qxg3 20.b5 Bd5 21.Qb4 axb5
22.axb5 f5 {#R} 0-1